Cervantes (Record no. 4102)

MARC details
000 -CABECERA
campo de control de longitud fija 00996nam a2200253 a 4500
001 - NÚMERO DE CONTROL
campo de control BRCA_4391
005 - FECHA Y HORA DE LA ÚLTIMA TRANSACCIÓN
campo de control 20190320204643.0
008 - DATOS DE LONGITUD FIJA--INFORMACIÓN GENERAL
campo de control de longitud fija 090610s1931----u--#######---#000-0#eng-#
041 ## - CÓDIGO DE LENGUA
Código de lengua del texto/banda sonora o título independiente eng
044 ## - CÓDIGO DEL PAÍS DE LA ENTIDAD EDITORA/PRODUCTORA
Código MARC del país u
050 #4 - SIGNATURA TOPOGRÁFICA DE LA BIBLIOTECA DEL CONGRESO
Número de clasificación PQ6343
Número de documento/Ítem .F67 2
-- 1931
100 1# - ENTRADA PRINCIPAL--NOMBRE DE PERSONA
Nombre de persona Ford, Jeremiah D. M.
9 (RLIN) 10880
245 10 - MENCIÓN DE TÍTULO
Título Cervantes
Resto del título A Tentative Bibliography of his Works and of the Biographical and Critical Material Concerning him
Mención de responsabilidad, etc. prepared by Jeremiah D. M. Ford and Ruth Lansing.
260 ## - PUBLICACIÓN, DISTRIBUCIÓN, ETC.
Lugar de publicación, distribución, etc. Cambridge, Massachusetts, U.S.A
Nombre del editor, distribuidor, etc. Harvard University
Fecha de publicación, distribución, etc. 1931
300 ## - DESCRIPCIÓN FÍSICA
Extensión 239 p.
Dimensiones 25 cm.
500 ## - NOTA GENERAL
Nota general La biblioteca tiene 2 ejemplares con el mismo número de inventario, el ejemplar 2 carece de portada y de las siguientes paginas viii-xii y 1-84
500 ## - NOTA GENERAL
Nota general Ejemplar igual a AM28
500 ## - NOTA GENERAL
Nota general QMB120
600 14 - PUNTO DE ACCESO ADICIONAL DE MATERIA--NOMBRE DE PERSONA
Nombre de persona Cervantes Saavedra, Miguel de
Fechas asociadas al nombre 1547-1616
Subdivisión de forma Bibliografías
9 (RLIN) 7659
650 14 - PUNTO DE ACCESO ADICIONAL DE MATERIA--TÉRMINO DE MATERIA
Término de materia o nombre geográfico como elemento de entrada Libros ilustrados
Subdivisión cronológica Siglo XVIII-XX
9 (RLIN) 10881
700 1# - PUNTO DE ACCESO ADICIONAL--NOMBRE DE PERSONA
Nombre de persona Lansing, Ruth
9 (RLIN) 10882
902 ## - CATALOGADOR
Iniciales GFM
942 ## - ELEMENTOS DE PUNTO DE ACCESO ADICIONAL (KOHA)
Fuente del sistema de clasificación o colocación Library of Congress Classification
Tipo de ítem Koha Libros
Holdings
Estado de retiro Estado de pérdida Estado dañado No para préstamo Localización permanente Ubicación/localización actual Fecha de adquisición Número de inventario Total de préstamos Signatura topográfica completa Código de barras Fecha visto por última vez Precio válido a partir de Tipo de ítem Koha
El ejemplar forma parte de la colección y puede ser consultado según las políticas vigentes.       Biblioteca del Museo Franz Mayer (Rogerio Casas-Alatriste) Biblioteca del Museo Franz Mayer (Rogerio Casas-Alatriste) 11/08/2010 QMB120   PQ6343 .F67 2 1931 (QMB120) 4388 22/03/2019 22/03/2019 Libros